La comunicación en Educación: cooperación y relevancia
Furkejuvvon:
| Váldodahkki: | |
|---|---|
| Materiálatiipa: | Girji |
| Giella: | espánnjágiella |
| Almmustuhtton: |
Valparaíso, Chile:
Ediciones Universitarias de Valparaíso,
2014.
|
| Fáttát: | |
| Fáddágilkorat: |
Lasit fáddágilkoriid
Eai fáddágilkorat, Lasit vuosttaš fáddágilkora!
|
MARC
| LEADER | 00000cam a2200000 a 4500 | ||
|---|---|---|---|
| 001 | UCE8122 | ||
| 003 | CL-VaPUC | ||
| 005 | 20220922120559.0 | ||
| 008 | 150728e20140000cl |||||||||||||||||spa|d | ||
| 999 | |c 360072 |d 360070 | ||
| 020 | |a 9789561705852 | ||
| 040 | |c Pontificia Universidad Católica de Valparaíso | ||
| 082 | 0 | 4 | |a 370.15 SAN 2014 |2 21 |
| 100 | 0 | |a Santibáñez Cerda, Edison |e author |9 580855 | |
| 245 | 1 | 3 | |a La comunicación en Educación: cooperación y relevancia |
| 260 | |a Valparaíso, Chile: |b Ediciones Universitarias de Valparaíso, |c 2014. | ||
| 300 | |a 134 páginas. | ||
| 500 | |a c.6 Donación Sr. Claudio Elórtegui R. (julio 2022) | ||
| 583 | |a last modification |c 20150728 02:04:00 |k Rodrigo Vera | ||
| 650 | 0 | |a Psicología educacional |9 307830 | |
| 650 | 0 | |a Psicolingüística |9 283371 | |
| 650 | 0 | |a Educación lingüística |9 306506 | |
| 650 | 0 | |a Cognición |9 270347 | |
| 942 | |c BK |2 ddc | ||
| 945 | |d 20150728 02:04:00 |a dcastane | ||
| 952 | |0 0 |1 0 |3 erb |4 0 |6 370_150000000000000_SAN_2014 |7 0 |8 A |9 469699 |a FDOPOS |b FDOPOS |i 5191475 |o 370.15 SAN 2014 |p 5191475 |r 2025-01-22 |w 2019-11-23 |y BK |z Catalogado en:20150728 |k MED | ||
| 952 | |0 0 |1 0 |3 erb |4 0 |6 370_150000000000000_SAN_2014 |7 0 |8 A |9 469700 |a BIBEDU |b BIBEDU |i 5261090 |o 370.15 SAN 2014 |p 5261090 |r 2019-11-23 |w 2019-11-23 |y BK |z Catalogado en:20160114 |k LIT | ||
| 952 | |0 0 |1 0 |3 erb |4 0 |6 370_150000000000000_SAN_2014 |7 0 |8 A |9 469701 |a BIBEDU |b BIBEDU |i 5261104 |o 370.15 SAN 2014 |p 5261104 |r 2019-11-23 |w 2019-11-23 |y BK |z Catalogado en:20160114 |k LIT | ||
| 952 | |0 0 |1 0 |3 erb |4 0 |6 370_150000000000000_SAN_2014 |7 0 |8 A |9 469702 |a BIBEDU |b BIBEDU |i 5261112 |o 370.15 SAN 2014 |p 5261112 |r 2019-11-23 |w 2019-11-23 |y BK |z Catalogado en:20160114 |k LIT | ||
| 952 | |0 0 |1 0 |3 erb |4 0 |6 370_150000000000000_SAN_2014 |7 0 |8 X |9 469703 |a FDOBUD |b FDOBUD |i 5303230 |o 370.15 SAN 2014 |p 5303230 |r 2019-11-23 |w 2019-11-23 |y BK_X |z Catalogado en:20160505 |k FHP | ||
| 952 | |0 0 |1 0 |2 ddc |4 0 |6 370_150000000000000_SAN_2014 |7 0 |8 A |9 586809 |a FDOPOS |b FDOPOS |c GEN |d 2022-09-22 |e Donación |i 5654734 |o 370.15 SAN 2014 |p 5654734 |r 2025-01-22 |t 5 |w 2022-09-22 |y BK |k MED | ||